Yo, otro (Registro nro. 1236)

Detalles MARC
000 -CABECERA
Longitud fija campo de control 00844nam a2200265 i 4500
005 - • FECHA Y HORA DE LA ÚLTIMA TRANSACCIÓN
Fecha y hora de la última transacción 20220316235526.0
008 - • CÓDIGOS DE INFORMACIÓN DE LONGITUD FIJA
Códigos de información de longitud fija 121119s2002 sp gs 000 e spa d
020 ## - • NÚMERO INTERNACIONAL NORMALIZADO PARA LIBROS
Número Internacional Normalizado para Libros (ISBN) 8495359901
040 ## - FUENTE DE LA CATALOGACIÓN
Centro catalogador de origen CO-BoRNBP
Lengua de catalogación spa
Centro transcriptor CO-BoRNBP
Normas de descripción rda
041 0# - • CÓDIGO DE LENGUA
Código de lengua del texto/banda sonora o título independiente spa
084 ## - • Clasificación Local Alfanúmerica PNLB
Número de clasificación N KER2
100 1# - • PUNTO DE ACCESO PRINCIPAL-NOMBRE DE PERSONA
Nombre de persona Kertesz, Imre
Fechas asociadas al nombre 1929-
Término indicativo de función autor
245 10 - • TITULO PROPIAMENTE DICHO
Título Yo, otro
Resto del título crónica del cambio
Mención de responsabilidad, etc. Imre Kertez ; traducción de Adan Kovacsics
250 ## - • MENCIÓN DE EDICIÓN
Mención de edición Primera edición
264 #1 - PRODUCCIÓN, PUBLICACIÓN , DISTRIBUCIÓN, FABRICACIÓN Y COPYRIGHT
Lugar de producción, publicación, distribución, fabricación Barcelona
Nombre del productor, editor, distribuidor, fabricante Acantilado
Fecha de de producción, publicación, distribución, fabricación o copyright 2002
300 ## - • DESCRIPCIÓN FÍSICA
Extensión 143 páginas
Dimensiones 21 cm
336 ## - TIPO DE CONTENIDO
Término de tipo de contenido texto
Código de tipo de contenido txt
Fuente rdacontent
337 ## - TIPO DE MEDIO
Nombre del tipo de medio sin mediación
Código del tipo de medio n
Fuente rdamedia
338 ## - TIPO DE SOPORTE
Nombre del tipo de soporte volumen
Código del tipo de soporte nc
Fuente rdacarrier
650 14 - • PUNTO DE ACCESO ADICIONAL DE MATERIA - TÉRMINO DE MATERIA
Término de materia o nombre geográfico como elemento inicial Ensayos húngaros
Subdivisión cronológica Siglo XX
Fuente del encabezamiento o término LEMB
650 14 - • PUNTO DE ACCESO ADICIONAL DE MATERIA - TÉRMINO DE MATERIA
Término de materia o nombre geográfico como elemento inicial Literatura húngara
Subdivisión cronológica Siglo XX
Fuente del encabezamiento o término LEMB
650 14 - • PUNTO DE ACCESO ADICIONAL DE MATERIA - TÉRMINO DE MATERIA
Término de materia o nombre geográfico como elemento inicial Judíos
Subdivisión de forma Ensayos
Fuente del encabezamiento o término LEMB
700 1# - • PUNTO DE ACCESO ADICIONAL - NOMBRE DE PERSONA
Nombre de persona Kovacsics, Adan,
Término indicativo de función traductor
942 ## - ENTRADA DE ELEMENTOS AGREGADOS (KOHA)
Fuente de clasificaión o esquema
Koha [por defecto] tipo de item Libro Literatura
Existencias
Perdido Fuente de clasificación o esquema Estado Físico No para préstamo Localización permanente Localización actual Localización en estanterías Fecha adquisición Préstamos totales Signatura completa Código de barras Fecha última consulta Número de copia Fecha del precio de reemplazo Tipo de item de Koha Forma de adquisición
  Dewey Decimal Classification     Biblioteca Pública Cubarral Biblioteca Pública Cubarral Literatura 07/28/2023   N KER2 CUB01361 07/28/2023 Ej.1 07/28/2023 Libro Literatura Colección General
  Dewey Decimal Classification     Biblioteca Pública Fuentedeoro - Henry Llanos García Biblioteca Pública Fuentedeoro - Henry Llanos García Literatura 07/13/2023   N KER2 Fo00001340 07/13/2023 Ej.1 07/13/2023 Libro Literatura Colección General
  Dewey Decimal Classification     Biblioteca Pública Puerto Lleras Biblioteca Pública Puerto Lleras Literatura 02/21/2025   N KER2 PLL01994 02/21/2025 Ej.1 02/21/2025 Libro Literatura Colección General
  Dewey Decimal Classification     Biblioteca Pública San Carlos de Guaroa - Eduardo Carranza Biblioteca Pública San Carlos de Guaroa - Eduardo Carranza Literatura 04/16/2024   N KEF2 SG01682 04/16/2024 Ej.1 04/16/2024 Libro Literatura Colección General
  Dewey Decimal Classification     Biblioteca Pública El Castillo - Alfonso Meneses Biblioteca Pública El Castillo - Alfonso Meneses Literatura 07/10/2023   N KER2 EC02091 07/10/2023 Ej.1 07/10/2023 Libro Literatura Colección General
  Dewey Decimal Classification     Biblioteca Pública Guamal Biblioteca Pública Guamal Literatura 01/31/2023   NKER2 GUA000352 01/31/2023 Ej.1 01/31/2023 Libro Literatura Colección General
  Dewey Decimal Classification     Biblioteca Pública La Macarena Biblioteca Pública La Macarena Literatura 08/20/2025   N KER2 LM03054 08/20/2025 Ej.1 08/20/2025 Libro Literatura Colección General
  Dewey Decimal Classification     Biblioteca Pública Puerto Rico Biblioteca Pública Puerto Rico Literatura 12/09/2022   PR000000L116 NKER2Ej.1 12/09/2022 Ej.1 12/09/2022 Libro Literatura  









Instituto Departamental de Cultura del Meta - Red Departamental de Bibliotecas Públicas del Meta.